[Event "GER Seniors Derby 02nd"]
[Site "Wesel/Heidelust"]
[Date "2003.03.14"]
[Round "3"]
[White "Bartzen, Harald"]
[Black "Schmidt, Eike"]
[Result "1-0"]
[WhiteElo "1751"]
[BlackElo "1479"]
[PlyCount "73"]
[EventDate "2003.03.13"]
[EventType "swiss"]
[EventRounds "7"]
[EventCountry "GER"]
[SourceTitle "EXT 2006"]
[Source "ChessBase"]
[SourceDate "2005.11.24"]
[SourceVersion "1"]
[SourceVersionDate "2005.11.24"]
[SourceQuality "1"]

1. d4 e6 2. c4 Nf6 3. Bg5 Be7 4. Nc3 d5 5. e3 c6 6. Nf3 Nbd7 7. Rc1 b6 8. cxd5 Nxd5 9. Nxd5 Bxg5 10. Nxg5 exd5 11. Nf3 Bb7 12. Bd3 0-0 13. 0-0 Rc8 14. Re1 h6 15. h3 f5 16. Rc3 Qf6 17. Qa4 Rc7 18. Rec1 a5 19. a3 Rfc8 20. b4 b5 21. Qc2 axb4 22. axb4 g6 23. Bxb5 Qd6 24. Ba4 Qxb4 25. Bb3 Qd6 26. e4 fxe4 27. Qxe4 Kg7 28. Qb1 c5 29. Ba4 cxd4 30. Rxc7 Rxc7 31. Rxc7 Qxc7 32. Bxd7 Qxd7 33. Ne5 Qf5 34. Qxb7+ Kf6 35. Nf3 d3 36. Qb2+ Ke7 37. Qd2 1-0